NFL Pass Completion Percentage Leaders (Season) - Statistics

General Stats
  • This quiz has been taken 36 times
  • The average score is 42 of 57
Answer Stats
Year Pass Com. % Team Answer % Correct
2024 72.9% Dolphins Tua Tagovailoa
100%
2020 70.7% Packers Aaron Rodgers
97%
2019 74.3% Saints Drew Brees
97%
2018 74.4% Saints Drew Brees
97%
2017 72.0% Saints Drew Brees
97%
2011 71.2% Saints Drew Brees
97%
2010 68.1% Saints Drew Brees
97%
2009 70.6% Saints Drew Brees
97%
2022 69.8% Seahawks Geno Smith
97%
2021 70.4% Bengals Joe Burrow
97%
2012 68.6% Colts Peyton Manning
97%
2003 67.0% Colts Peyton Manning
97%
2007 68.9% Patriots Tom Brady
97%
1989 70.2% 49ers Joe Montana
93%
1987 66.8% 49ers Joe Montana
93%
1985 61.3% 49ers Joe Montana
93%
1981 63.7% 49ers Joe Montana
93%
1980 64.5% 49ers Joe Montana
93%
2015 69.8% Redskins Kirk Cousins
93%
2012 68.6% Falcons Matt Ryan
93%
2013 69.5% Chargers Philip Rivers
93%
2014 69.9% Cowboys Tony Romo
93%
1998 63.0% Packers Brett Favre
90%
1997 67.7% 49ers Steve Young
90%
1996 67.7% 49ers Steve Young
90%
1995 66.9% 49ers Steve Young
90%
1994 70.3% 49ers Steve Young
90%
1992 66.7% 49ers Steve Young
90%
2001 68.7% Rams Kurt Warner
86%
2000 67.7% Rams Kurt Warner
86%
1999 65.1% Rams Kurt Warner
86%
1990 63.3% Bills Jim Kelly
83%
1993 69.1% Cowboys Troy Aikman
83%
2005 67.8% Bengals Carson Palmer
76%
1979 62.6% Chargers Dan Fouts
69%
2023 70.4% Bengals Jake Browning
69%
2006 68.3% Texans David Carr
62%
1977 60.1% Vikings Fran Tarkenton
62%
1983 66.7% Bengals Ken Anderson
62%
1982 70.6% Bengals Ken Anderson
62%
1974 64.9% Bengals Ken Anderson
62%
1988 61.4% Vikings Wade Wilson
62%
2008 67.4% Dolphins Chad Pennington
59%
2002 68.9% Jets Chad Pennington
59%
1975 66.4% Chiefs Len Dawson
59%
1978 63.0% Dolphins Bob Griese
52%
1998 63.0% Panthers Steve Beuerlein
52%
1991 65.6% Seahawks Dave Krieg
48%
2004 69.3% Buccaneers Brian Griese
45%
1976 66.7% Raiders Ken Stabler
45%
1973 62.7% Raiders Ken Stabler
45%
2016 71.6% Vikings Sam Bradford
34%
1984 67.3% Falcons Steve Bartkowski
34%
1970 59.99% Redskins Sonny Jurgensen
31%
1986 63.0% Lions Eric Hipple
10%
1972 60.3% Giants Norm Snead
10%
1971 62.2% Bengals Virgil Carter
7%
No matching quizzes found
Score Distribution
Percent of People with Each Score
Percentile by Number Answered
Your Score History
You have not taken this quiz